The land of Israel in the Book of Ezekiel
The context of the motif of the land in the Book of Ezekiel -- The phenomenology of the land of Israel -- The history of Israel written from the perspective of the land -- The land of the New Covenant -- The vision of the new land of Israel in Ezek 40-48
MARC
| LEADER | 00000cam a2200000 c 4500 | ||
|---|---|---|---|
| 001 | 1638108323 | ||
| 003 | DE-627 | ||
| 005 | 20251225204337.0 | ||
| 007 | tu | ||
| 008 | 180607s2018 xxu||||| 00| ||eng c | ||
| 010 | |a 2017050553 | ||
| 020 | |a 9780567678843 |c hardback : alk. paper |9 978-0-567-67884-3 | ||
| 035 | |a (DE-627)1638108323 | ||
| 035 | |a (DE-576)506128377 | ||
| 035 | |a (DE-599)BSZ506128377 | ||
| 035 | |a (OCoLC)1043879714 | ||
| 035 | |a (OCoLC)1043879714 | ||
| 040 | |a DE-627 |b ger |c DE-627 |e rda | ||
| 041 | |a eng |h pol | ||
| 044 | |c XD-US | ||
| 050 | 0 | |a BS1545.6.L28 | |
| 082 | 0 | |a 224.406 | |
| 082 | 0 | |a 224/.406 |q LOC |2 23 | |
| 084 | |a 1 |2 ssgn | ||
| 084 | |a BC 7525 |q OBV |2 rvk |0 (DE-625)rvk/9682: | ||
| 084 | |a 11.40 |2 bkl | ||
| 100 | 1 | |e VerfasserIn |0 (DE-588)174159897 |0 (DE-627)699051525 |0 (DE-576)134991435 |4 aut |a Pikor, Wojciech |d 1969- | |
| 109 | |a Pikor, Wojciech 1969- | ||
| 245 | 1 | 4 | |a The land of Israel in the Book of Ezekiel |c Wojciech Pikor |
| 264 | 1 | |a New York |b T&T Clark |c 2018 | |
| 300 | |a xxi, 264 Seiten | ||
| 336 | |a Text |b txt |2 rdacontent | ||
| 337 | |a ohne Hilfsmittel zu benutzen |b n |2 rdamedia | ||
| 338 | |a Band |b nc |2 rdacarrier | ||
| 490 | 1 | |a Library of Hebrew Bible. Old Testament studies |v 667 | |
| 500 | |a Includes bibliographical references and index | ||
| 520 | |a The context of the motif of the land in the Book of Ezekiel -- The phenomenology of the land of Israel -- The history of Israel written from the perspective of the land -- The land of the New Covenant -- The vision of the new land of Israel in Ezek 40-48 | ||
| 583 | 1 | |a Archivierung/Langzeitarchivierung gewährleistet |f SSG |x XA-DE-BW |2 pdager |5 DE-21 | |
| 630 | 0 | 0 | |a Bible |x Criticism, interpretation, etc |
| 650 | 0 | |a Land tenure |x Biblical teaching | |
| 650 | 0 | |a Land use |x Biblical teaching | |
| 652 | |a HB |b DDCoderRVK | ||
| 689 | 0 | 0 | |d g |0 (DE-588)4072956-4 |0 (DE-627)106093711 |0 (DE-576)209188804 |2 gnd |a Israel |g Altertum |
| 689 | 0 | 1 | |d s |0 (DE-588)4166521-1 |0 (DE-627)105432059 |0 (DE-576)209902515 |2 gnd |a Land |
| 689 | 0 | 2 | |d u |0 (DE-588)4016109-2 |0 (DE-627)106334182 |0 (DE-576)208914854 |a Bibel |2 gnd |p Ezechiel |
| 689 | 0 | |5 DE-101 | |
| 689 | 1 | 0 | |d g |0 (DE-588)4072956-4 |0 (DE-627)106093711 |0 (DE-576)209188804 |2 gnd |a Israel |g Altertum |
| 689 | 1 | 1 | |d s |0 (DE-588)4166521-1 |0 (DE-627)105432059 |0 (DE-576)209902515 |2 gnd |a Land |
| 689 | 1 | 2 | |d u |0 (DE-588)4016109-2 |0 (DE-627)106334182 |0 (DE-576)208914854 |a Bibel |2 gnd |p Ezechiel |
| 689 | 1 | |5 (DE-627) | |
| 776 | 1 | |z 9780567678850 |c ePDF | |
| 776 | 0 | 8 | |i Erscheint auch als |n Online-Ausgabe |a Pikor, Wojciech, 1969 - |t The land of Israel in the Book of Ezekiel |d New York : T&T Clark, 2018 |h 1 Online-Ressource (xxi, 264 Seiten) |w (DE-627)1657748499 |w (DE-576)514966904 |z 9780567678850 |k Electronic |
| 776 | 0 | 8 | |i Erscheint auch als |n Online-Ausgabe |a Pikor, Wojciech, 1969 - |t The land of Israel in the Book of Ezekiel |b 1 [edition] |d New York : Bloomsbury T&T Clark, 2018 |h 1 Online-Ressource (xiii, 520 pages) |w (DE-627)1034138294 |z 9780567678867 |z 9780567678850 |k Electronic |
| 787 | 0 | 8 | |i Rezensiert in |a Miles, Johnny |t [Rezension von: Pikor, Wojciech, 1969-, The land of Israel in the Book of Ezekiel] |d 2021 |w (DE-627)1749484455 |
| 787 | 0 | 8 | |i Rezensiert in |a Garrett, Duane A., 1953 - |t [Rezension von: Pikor, Wojciech, The Land of Israel in the Book of Ezekiel] |d 2019 |w (DE-627)1787704963 |
| 830 | 0 | |a Library of Hebrew bible/Old Testament studies |p Old Testament studies |v 667 |9 667 |w (DE-627)519089766 |w (DE-576)266704336 |w (DE-600)2255714-3 |7 am | |
| 856 | 4 | 2 | |u https://swbplus.bsz-bw.de/bsz506128377inh.htm |m V:DE-576;B:DE-21 |q application/pdf |v 20180828153106 |3 Inhaltsverzeichnis |7 1 |
| 856 | 4 | 2 | |u https://swbplus.bsz-bw.de/bsz1638108323ref.htm |m V:DE-576 |m B:DE-21 |v 20230811193814 |3 Literaturverzeichnis |7 1 |
| 935 | |a BIIN | ||
| 935 | |h SWB |i 4170rda | ||
| 936 | r | v | |a BC 7525 |b Reihen, die das AT umfassen |k Theologie und Religionswissenschaften |k Bibelwissenschaft |k Biblische Theologie |k Sammelwerke |k Schriftenreihen |k Reihen, die das AT umfassen |0 (DE-627)127071323X |0 (DE-625)rvk/9682: |0 (DE-576)20071323X |
| 936 | b | k | |a 11.40 |j Exegese |j Hermeneutik |x Altes Testament |q SEPA |0 (DE-627)106413260 |
| 951 | |a BO | ||
| BIB | |a 1 | ||
| BIR | |a 53000000_53999999 |b biblesearch | ||
| ELC | |b 1 | ||
| ITA | |a 1 |t 1 | ||
| LOK | |0 000 xxxxxcx a22 zn 4500 | ||
| LOK | |0 001 3297180706 | ||
| LOK | |0 003 DE-627 | ||
| LOK | |0 004 1638108323 | ||
| LOK | |0 005 20180823103603 | ||
| LOK | |0 008 180607||||||||||||||||ger||||||| | ||
| LOK | |0 040 |a DE-21 |c DE-627 |d DE-21 | ||
| LOK | |0 852 |a DE-21 | ||
| LOK | |0 852 1 |c 58 A 3712 |9 00 | ||
| LOK | |0 935 |a theo | ||
| LOK | |0 936ln |a t2.1 | ||
| LOK | |0 938 |a 1808 |f 2 | ||
| LOK | |0 939 |a 07-06-18 |b l01 | ||
| LOK | |0 000 xxxxxcx a22 zn 4500 | ||
| LOK | |0 001 3892456631 | ||
| LOK | |0 003 DE-627 | ||
| LOK | |0 004 1638108323 | ||
| LOK | |0 005 20210322085204 | ||
| LOK | |0 008 210322||||||||||||||||ger||||||| | ||
| LOK | |0 040 |a DE-Tue135-1 |c DE-627 |d DE-Tue135-1 | ||
| LOK | |0 852 |a DE-Tue135-1 | ||
| LOK | |0 852 1 |m p |9 00 | ||
| LOK | |0 935 |a inmo | ||
| LOK | |0 938 |k p | ||
| LOK | |0 939 |a 22-03-21 |b l01 | ||
| ORI | |a SA-MARC-ixtheoa001.raw | ||
| STA | 0 | 0 | |a Land,Country |
| STB | 0 | 0 | |a Pays,Territoire,Terre,Territoire,Terre |
| STC | 0 | 0 | |a Tierra |
| STD | 0 | 0 | |a Terra,Land,Paese,Land,Paese |
| STE | 0 | 0 | |a 地,田地,土地 |
| STF | 0 | 0 | |a 地,田地,土地 |
| STG | 0 | 0 | |a Terra |
| STH | 0 | 0 | |a Земля |
| STI | 0 | 0 | |a Χώρα |
| SUB | |a BIB | ||
| SYG | 0 | 0 | |a Israel , Medinat Jisrael,Yiśraʾel,Ereṣ Yiśraʾel,Israël,Etat d'Israël,State of Israel,Yiśrāʾēl,Ereṣ Yiśrāʾēl,Medînat Yiśrā'ēl,Isrāʾīl,Izrael , Israel,Israel,Isrā'īl al-Kaskari , Bibel,Ezekiel,Buch Hesekiel,Ezechiel,Hesekiel,Ez,Ezek,Ezekiel (Buch der Bibel),Das Buch des Propheten Ezechiel,Ezechiel (Buch der Bibel),Yeḥezḳel,Sefer Yeḥezḳel,Le livre d'Ézéchiel,Bibel,Ézéchiel,Ézéchiel,יחזקאל,ספר יחזקאל , Israel , Medinat Jisrael,Yiśraʾel,Ereṣ Yiśraʾel,Israël,Etat d'Israël,State of Israel,Yiśrāʾēl,Ereṣ Yiśrāʾēl,Medînat Yiśrā'ēl,Isrāʾīl,Izrael , Israel,Israel,Isrā'īl al-Kaskari , Bibel,Ezekiel,Buch Hesekiel,Ezechiel,Hesekiel,Ez,Ezek,Ezekiel (Buch der Bibel),Das Buch des Propheten Ezechiel,Ezechiel (Buch der Bibel),Yeḥezḳel,Sefer Yeḥezḳel,Le livre d'Ézéchiel,Bibel,Ézéchiel,Ézéchiel,יחזקאל,ספר יחזקאל |